Magia blanca /

Guardado en:
Autor Principal: Gudiño Kieffer, Eduardo
Formato: Libro
Publicado: Buenos Aires : Emecé, 1985
Series:Escritores Argentinos
Materias:
Etiquetas: Agregar Etiqueta
Sin Etiquetas, Sea el primero en etiquetar este registro!
LEADER 00587nam a22002055a 4500
001 CEM.cems003049
005 20101202105504.0
008 130507s1985##################000#0#####d
003 CEMS
082 0 4 |a A863.4 
100 1 |a Gudiño Kieffer, Eduardo 
245 1 0 |a Magia blanca /  |c Eduardo Gudiño Kieffer 
260 |a Buenos Aires :  |b Emecé,  |c 1985 
300 |a 301 p. 
490 0 |a Escritores Argentinos 
653 |a Literatura 
653 |a Literatura argentina 
653 |a Novelas 
653 |a Novela argentina-siglo 20 
859 |a CEMS  |b BIB. CEMS - 11 de abril  |h A863.4  |i G934-2  |p 14644.87  |t Ej.1